000 00502cam a22001337a 4500
008 180718b2004 xxu||||| |||| 00| 0 eng d
082 _aAPPPA 2003-04/MOH
100 _aMohapatra, C.S.
245 _aDisability and poverty links: a study of persons accessing government institutional rehabilitation services
_cby C.S. Mohapatra
260 _aNew Delhi
_bIndian Institute of Public Administration
_c2004
300 _av.p.
650 _aRehabilitation - India Disabled persons
650 _aPoverty - India
999 _c492944
_d492944